000 00856 am a2200241 a 4500
005 20240701134526.0
008 100902s1973||||ag d f |||| 001 0 spa d
020 _aS/N
041 _aspa
092 _c612.39
_l51
_sMAS
100 1 _aMasoro, Edward J.
_91367
245 _aEquilibrio Ácido-Base.
_bSu fisiología y fisiopatología /
_cEdward J. Masoro
250 _a1a ed.
_bTraducción Thamara Hormaechea y Kurt Brainin.
260 _aBuenos Aires:
_bEditorial Médica Panamericana;
_c1973.
300 _a186 p.
500 _aMasoro, E. J. y Siegel, P. D. (1973). Equilibrio Ácido-Base. Su fisiología y fisiopatología. (1a ed.). Buenos Aires : Editorial Médica Panamericana.
653 _aFisiología
653 _aFisiopatología
653 _aEquilibrio ácido-base
700 1 _aSiegel, Paul D.
_91368
930 _a402
942 _2ddc
_cBK
999 _c675
_d675